All foreign players Nottingham Forest - Statistics

General Stats
  • This quiz has been taken 53 times
  • The average score is 86 of 199
Answer Stats
Hint Answer % Correct
Alec Wood
88%
Chris Wood
88%
Matt Turner
88%
Anthony Elanga
85%
Danilo
85%
Taiwo Awoniyi
82%
Willy Boly
82%
Gonzalo Montiel
79%
Murillo
79%
Nicolás Domínguez
79%
Ola Aina
79%
Sèrge Aurier
79%
Stern John
79%
Cheikhou Kouyaté
76%
Gustavo Scarpa
76%
Gil Dias
74%
Ibrahim Sangaré
74%
Remo Freuler
74%
Renan Lodi
74%
João Carvalho
71%
Michail Antonio
71%
Moussa Niakhaté
71%
Tiago Silva
71%
Alf-Inge Håland
68%
Andrea Silenzi
68%
Brice Samba
68%
David Johnson
68%
Divock Origi
68%
Einar Aas
68%
Gonzalo Jara
68%
Lars Bohinen
68%
Nuno Tavares
68%
Pierre Van Hooijdonk
68%
Xande Silva
68%
Yohan Benalouane
68%
Andreas Bouchalakis
65%
Brandon Aguilera
65%
Bryan Roy
65%
Costel Pantilimon
65%
Djamel Abdoun
65%
Hans Van Breukelen
65%
Marlon King
65%
Nélson Oliveira
65%
Orel Mangala
65%
Philip Zinckernagel
65%
Robert Tesche
65%
Wes Morgan
65%
Yuri Ribeiro
65%
Alexander Milošević
62%
Britt Assombalonga
62%
Diogo Gonçalves
62%
Hans Segers
62%
Jean-Claude Darcheville
62%
Jon-Olav Hjelde
62%
Junior Agogo
62%
Karim Ansarifard
62%
Kévin Gomis
62%
Licá
62%
Matthieu Louis-Jean
62%
Nicolao Dumitru
62%
Nikola Jerkan
62%
Samba Sow
62%
Thierry Bonalair
62%
Vladimir Stojković
62%
Alan Davidson
59%
Ben Olsen
59%
Carlos Merino
59%
David Friio
59%
Davy Oyen
59%
Felix Bastians
59%
Gianluca Petrachi
59%
Gino Padula
59%
Guy Moussi
59%
Jesper Mattsson
59%
John Harkes
59%
John Metgod
59%
Kjetil Osvold
59%
Marco Pascolo
59%
Modou Barrow
59%
Moreno Mannini
59%
Nicklas Bendtner
59%
Porfirio
59%
Radosław Majewski
59%
Raimondo Ponte
59%
Robbie Findlay
59%
Salvatore Matrecano
59%
Ståle Stensaas
59%
Thomas Lam
59%
Þorvaldur Örlygsson
59%
Tobias Figueiredo
59%
Bernard Allou
56%
Braian Ojeda
56%
David Tarka
56%
Dele Adebola
56%
Ethan Horvath
56%
Felipe Monteiro
56%
Jim Brennan
56%
Khaled Al Rashidi
56%
Mikkel Beck
56%
Pajtim Kasami
56%
Rafa Mir
56%
Richie Laryea
56%
Rune Pedersen
56%
Ui-Jo Hwang
56%
Andrey Santos
53%
Anel Ahmedhodžić
53%
Armand Traoré
53%
Lewis Grabban
53%
Ashkan Dejagah
50%
Bojan Jokić
50%
Dorus De Vries
50%
Matty Cash
50%
Michael Mancienne
50%
Saidy Janko
50%
Vincent Fernandez
50%
Aro Murić
47%
Baba Fernandes
47%
Brynjar Gunnarsson
47%
Dexter Blackstock
47%
Frans Thijssen
47%
Panagiotis Tachtsidis
47%
Emmanuel Dennis
44%
Tolis Vellios
44%
Lars Veldwijk
41%
Nuno Da Costa
38%
Odisseas Vlachodimos
38%
Rafik Dejbbour
38%
Albert Adomah
35%
Claudio Yacob
35%
Eugen Bopp
35%
Keylor Navas
35%
Jürgen Röber
29%
Loïc Mbe Soh
29%
André Ayew
26%
Léo Bonatini
26%
Rodrigo Ely
26%
Eric Lichaj
24%
Eugène Dadi
21%
Ryan Mendes
21%
Adlène Guédioura
18%
Dimitar Evtimov
18%
Ben Brereton
15%
Giulian Biancone
15%
Lyle Taylor
15%
Mickaël Antoine-Curier
15%
Tendayi Darikwa
15%
Cafú
12%
Danny Higginbotham
12%
Federico Macheda
12%
Fouad Bachirou
12%
Fuentes
12%
Gboly Ariyibi
12%
George Elokobi
12%
Loïc Badé
12%
Michael Hefele
12%
Alfa Semedo
9%
Anthony Knockaert
9%
Ateef Konaté
9%
Chema
9%
Damien Perquis
9%
Spencer Weir-Daley
9%
Abdoulaye Diallo
6%
Adam Federici
6%
Adnan Kanurić
6%
Daniel Ayala
6%
Filip Krovinović
6%
Gaëtan Bong
6%
Garath McCleary
6%
Hildeberto
6%
Kyle Ebecilio
6%
Mohamed Dräger
6%
Molla Wagué
6%
Mustapha Carayol
6%
Nikolas Ioannou
6%
Pelé
6%
Roger Riera
6%
Stefanos Kapino
6%
Adama Diakhaby
3%
Andrew Bernal
3%
Arthur Lightening
3%
Benjamin Gavanon
3%
Darryl Powell
3%
Dimitrios Konstantopoulos
3%
Gareth Edds
3%
Guerrero
3%
Hamza Bencherif
3%
Hillal Soudani
3%
Jason Cummings
3%
João Teixeira
3%
John Bostock
3%
John Filan
3%
Jon-Paul Pittman
3%
Kostas Laifis
3%
Lutz Pfannenstiel
3%
Pascal Formann
3%
Petravičius
3%
Pinillos
3%
Tarik Bengelloun
3%
Yoann Folly
3%
No matching quizzes found
Score Distribution
Percent of People with Each Score
Percentile by Number Answered
Your Score History
You have not taken this quiz